Statistics for Argentina National Football Team Players Quiz

Click here to take the quiz!

General Stats

  • This quiz has been taken 24 times
  • The average score is 6 of 11

Answer Stats

HintPlayers% Correct
Before Argentina won the World Cup, he said “It could be today, grandma.”Lionel Messi
100%
His goalkeeping skills helped Argentina to win the World CupEmiliano Martinez
86%
Scored the only goal in Copa America to help Argentina win a trophy after a long timeAngel Di Maria
73%
Signed to Roma from Juventus for free in 2022Paulo Dybala
73%
Basically won every trophy in his career at such a young ageJulian Alvarez
68%
Scored the opening goal and another one in the 1978 World Cup finalMario Kempes
50%
Not a fan of Messi but a fan of RonaldoAlejandro Garnacho
36%
Scored the winning goal in the 1986 World Cup finalJorge Burruchaga
36%
Scored the winning goal in the 1978 World Cup finalDaniel Bertoni
27%
Scored the second goal in the 1986 World Cup finalJorge Valdano
27%
Scored the opening goal in the 1986 World Cup finalLuis Brown
27%

Score Distribution

Percentile by Number Answered

Percent of People with Each Score

Your Score History

You have not taken this quiz